Podpora manažmentu duševného zdravia

Salvato in:
Dettagli Bibliografici
Autore principale: Michalík, Lukáš (Autore)
Altri autori: Černáková, Ivana (Relatore della tesi)
Natura: Manoscritto Libro
Lingua:slovacco
Pubblicazione: 2025
Soggetti:
Accesso online:http://is.stuba.sk/zp/portal_zp.pl?podrobnosti=184126
Tags: Aggiungi Tag
Nessun Tag, puoi essere il primo ad aggiungerne!!

MARC

LEADER 00000ntm a22000003a 4500
001 stuzp105787
003 SK-STU
005 20250607211609.2
007 ta
008 150427s2015----xo-----f-mn---000-0-slo-d
040 |a STU  |b slo 
041 0 |a slo 
100 1 |a Michalík, Lukáš  |u 070200  |4 aut  |U FIIT Fakulta informatiky a informačných technológií  |T FIIT Ústav informatiky, informačných systémov a softvérového inžinierstva  |X 103052  |U I200  |Y 179  |7 103052 
242 0 1 |a Mental health management support  |y eng 
245 1 0 |a Podpora manažmentu duševného zdravia 
260 |c 2025 
650 4 |a mobile application  |2 eng 
650 4 |a mental health  |2 eng 
650 4 |a generative artificial intelligence  |2 eng 
650 4 |a generatívna umelá inteligencia  |2 slo 
650 4 |a duševné zdravie  |2 slo 
650 4 |a mobilná aplikácia  |2 slo 
700 1 |a Černáková, Ivana  |u 070200  |k Z8  |4 ths  |U FIIT Fakulta informatiky a informačných technológií  |T FIIT Ústav informatiky, informačných systémov a softvérového inžinierstva  |X 112694  |U I200  |Y 179  |7 112694 
856 4 |u http://is.stuba.sk/zp/portal_zp.pl?podrobnosti=184126